Statistics for Weimar Germany (1918-1933)

Click here to take the quiz!

General Stats

  • This quiz has been taken 534 times
  • The average score is 12 of 15

Answer Stats

EventYear% Correct
The Kapp Putsch (Right Wing)1920
95%
Hitler becomes Chancellor1933
95%
The Munich Putsch (Right Wing)1923
90%
Hyperinflation1923
90%
The Dawes Plan (fixed German reparations timewise)1924
87%
Germany joins the League of Nations1926
86%
The Kellog-Briand Pact (promised never to launch an aggressive war)1928
85%
The Locarno Pact (confirmed boundaries)1925
84%
Poincare orders a French and Belgian occupation of the Ruhr.1922
83%
Nearly 5 million registered unemployed in Germany1931
83%
The Spartacist Revolt (Left Wing)1919
82%
The Young Plan (revised and reduced reparations)1929
82%
1 in 4 Germans own a radio by this point1932
74%
Treaty of Berlin (with U.S.S.R)1926
65%
Treaty of Repallo (with U.S.S.R)1922
63%

Score Distribution

Percentile by Number Answered

Percent of People with Each Score

Your Score History

You have not taken this quiz